Statistics for Europa Conference League 2021-2022 Group Stage

Click here to take the quiz!

General Stats

  • This quiz has been taken 69 times
  • The average score is 21 of 32

Answer Stats

Team% Correct
Tottenham Hotspur F.C.
100%
A.S. Roma
89%
Feyenoord
83%
Stade Rennais F.C.
83%
1. FC Union Berlin
78%
SBV Vitesse
74%
SK Slavia Prague
74%
F.C. Copenhagen
72%
NŠ Mura
72%
FK Bodø/Glimt
67%
AZ Alkmaar
65%
FC Basel
65%
K.A.A. Gent
65%
Helsingin Jalkapalluklubi
63%
AC Omonia
61%
FC Flora
61%
FK Partizan
59%
LASK
59%
Lincoln Red Imps F.C.
59%
PAOK FC
59%
FC Alashkert
57%
PFC CSKA Sofia
57%
ŠK Slovan Bratislava
57%
Anorthosis Famagustra FC
54%
FC Zorya Luhansk
54%
Maccabi Haifa F.C.
54%
Maccabi Tel Aviv F.C.
54%
Qarabağ FK
54%
Randers FC
52%
CFR Cluj
50%
FC Kairat
50%
FK Jablonec
50%

Score Distribution

Percentile by Number Answered

Percent of People with Each Score

Your Score History

You have not taken this quiz